Les robots présents dans Transformers 5 - Statistiques

Statistiques générales
  • Ce quiz a été pris 72 fois
    51 depuis la dernière actualisation
  • Le résultat moyen est 13 sur 30
Statistiques - réponses
Réponse % Correct
Bumblebee
100%
Optimus Prime
100%
Unicron
91%
Megatron
87%
Drift
74%
Hound
74%
Barricade
65%
Grimlock
61%
Hot Rod
57%
Mohawk
57%
Nitro Zeus
57%
Onslaught
57%
Quintessa
48%
Dreadbot
43%
Berserker
39%
Cogman
39%
Slug
39%
Wheelie
39%
Daytrader
26%
Canopy
22%
Topspin
17%
Dragonstorm
13%
Roadbuster
13%
Rotorstorm
13%
Squeeks
13%
Steelbane
13%
Dragonicus
9%
Guardian
9%
Skullitron
9%
Stormreign
9%
Aucun quiz correspondant
Distribution des résultats
% des personnes avec chaque résultat
Percentile par nombre de réponses
Votre historique - résultats
Vous n’avez pas pris ce quiz depuis la dernière actualisation